Emerging market spreads then versus nov

Na minha lista:
Detalhes bibliográficos
Autor principal: Mauro, Paolo
Outros Autores: Sussman, Nathan, Yafeh, Yishay
Formato: Livro
Idioma:inglês
Publicado em: Washington International Monetary Fund 2000
Colecção:IMF Working Paper WP/00/190
Assuntos:
Tags: Adicionar Tag
Sem tags, seja o primeiro a adicionar uma tag!

MARC

LEADER 00000nam a2200000 4500
001 c124560
005 20221221082212.3
041 0 |a eng 
044 |a US 
245 1 0 |a Emerging market spreads  |b then versus nov  |c Paolo Mauro, Nathan Sussman and Yishay Yafeh 
264 1 |a Washington  |b International Monetary Fund  |c 2000 
300 |a 45 s. 
490 1 |a IMF Working Paper  |v WP/00/190 
830 0 |a IMF Working Paper  |v WP/00/190 
610 2 0 |a integrácia ekonomická medzinárodná 
610 2 0 |a trh finančný medzinárodný 
610 2 0 |a trh kapitálový 
610 2 0 |a trh kapitálový medzinárodný 
610 2 0 |a 1877-1913 
610 2 0 |a 1992-2000 
100 1 |a Mauro, Paolo 
700 1 |a Sussman, Nathan 
700 1 |a Yafeh, Yishay